Урусов /князь/. О совещании "октябристов" для обсуждения результатов и пожеланий съезда "Союза 17 Октября"

Доступно только в Электронных читальных залах Найти на картеНа карте
RUSMARC
00004340nac2a22002893x 450
00178f8cf45-e16d-4b07-9063-fcd7d71da8eb
00520211210113617.0
100##$a20211120l1910 k y0rusy50 ca
1010#$arus
102##$aRU
105##$ay z |||||
1220#$ad19100522
2001#$aУрусов /князь/. О совещании "октябристов" для обсуждения результатов и пожеланий съезда "Союза 17 Октября"
$j22 мая 1910
215##$a2 листа
251##$cДело
300##$aЗаголовок дела на папке: Письмо князя Урусова Звегинцеву А. И. (О совещании "октябристов" для обсуждения результатов и пожеланий съезда). 22 мая 1910
300##$aРукописный текст
330##$aВходит в раздел описи: 1. Письма к А. И. Звегинцову. 2/ Письма по служебной деятельности А. И. Звегинцова
461#0$1001fc48e33c-c630-4015-85dd-2f2aab656f45
$12001
$aЗвегинцев Александр Иванович, помещик Воронежской губернии, депутат III Государственной думы, член партии "Союз 17 октября"
$1251
$cФонд
$1852
$j932
462#0$1001ddcf82e7-7bd9-4c5e-b7f1-85df8b3febb3
$12001
$aДела постоянного хранения. 1899-1913 гг.
$vД. 363
$1251
$cОпись
$1852
$j1
5171#$aПисьмо князя Урусова Звегинцеву А. И. (О совещании "октябристов" для обсуждения результатов и пожеланий съезда). 22 мая 1910
600#1$aЗвегинцев
$bА. И.
$gАлександр Иванович
600#1$aУрусов
$cкнязь
60102$3RU\NLR\AUTH\889942787
$aСоюз 17 октября
801#0$aRU
$bGA_RF
801#1$aRU
$bГлавНИВЦ
$c20211120
$2rusmarc
801#2$aRU
$bПБ им. Б.Н. Ельцина
$c20211210
$gRCR
$2rusmarc
852##$aГА РФ
$j363
937##$d171406798
$hГАРФ
035##$aRuPRLIB51062607
856##$uhttp://readingroom.main.prlib.ru/item.aspx?id_node=n171406798&mode=full
Формат отображения